LEADER 01297nam 2200397 450 001 9910555065003321 005 20201018170928.0 010 $a1-119-73745-1 010 $a1-119-73746-X 010 $a1-119-73747-8 035 $a(CKB)4100000011248740 035 $a(MiAaPQ)EBC6236198 035 $a(EXLCZ)994100000011248740 100 $a20201018d2019 uy 0 101 0 $aeng 135 $aurcnu|||||||| 181 $ctxt$2rdacontent 182 $cc$2rdamedia 183 $acr$2rdacarrier 200 10$aAnnual update and practice issues for preparation, compilation, and review engagements /$fHugh Parker and Kimberly Burke 210 1$aDurham, North Carolina :$cAssociation of International Certified Professional Accountants, Inc.,$d2019. 215 $a1 online resource (262 pages) 311 $a1-119-73740-0 606 $aAccounting$xStandards$zUnited States 608 $aElectronic books. 615 0$aAccounting$xStandards 676 $a657.021873 700 $aParker$b Hugh$01051359 702 $aBurke$b Kimberly 801 0$bMiAaPQ 801 1$bMiAaPQ 801 2$bMiAaPQ 906 $aBOOK 912 $a9910555065003321 996 $aAnnual update and practice issues for preparation, compilation, and review engagements$92481831 997 $aUNINA LEADER 01103nam a2200277 i 4500 001 991004367631207536 005 20250214104311.0 008 250214s1987 fr er 001 0 fre d 020 $a213040099X 040 $aBibl. Dip.le Aggr. Studi Umanistici - Sez. Filosofia$bita$cSocioculturale Scs 041 1 $afre$hlat 082 04$a516.156$223 100 1 $aDescartes, René$0340660 240 10$aProgymnasmata de solidorum elementis$93642182 245 10$aExercices pour les éléments des solides =$bProgymnasmata de solidorum elementis : essai en complément d'Euclide /$cRené Descartes ; édition critique avec introduction, traduction, notes et commentaires par Pierre Costabel 246 11$aProgymnasmata de solidorum elementis 260 $aParis :$bPresses universitaires de France,$c1987 300 $a122 p. ;$c22 cm 490 1 $aÉpiméthée 600 04$aEuclide$xGeometria 650 4$aSolidi
700 1 $aCostabel, Pierre 830 0$aÉpiméthée 912 $a991004367631207536 996 $aProgymnasmata de solidorum elementis$93642182 997 $aUNISALENTO LEADER 00874nam a2200193 i 4500 001 991004391218707536 005 20250630155807.0 008 250630s2023----it e b ita ita 020 $a9791259652645 040 $aBibl. Dip.le Aggr. Scienze Giuridiche - Sez. Studi Giuridici$bita 082 04$a323.0420945 100 1 $aLadu, Marco$01668121 245 10$aRappresentanza e partecipazione politica nell?era digitale :$bla crisi strutturale della democrazia italiana e l?impatto delle nuove tecnologie :$bopportunità da cogliere e criticità da affrontare /$cMarco Ladu 260 $aBari :$bCacucci,$c2023 300 $aXVI, 306 p. ;$c24 cm 650 4$aPartecipazione politica$xEffetti$xdell'$xInnovazione tecnologica$xe dei$xNuovi media 912 $a991004391218707536 996 $aRappresentanza e partecipazione politica nell?era digitale$94028478 997 $aUNISALENTO